01937nam a2200229Ia 450000500170000000800410001704000440005804100080010208200170011010000310012724200980015824500720025625000460032826001290037430000370050350003960054050506790093650600210161554600230163665000260165965000220168520180607154917.0130821s1935 fr fr 1 fre  aCo-BoUCMbspacSandra YazodSandra Yazo0 afre04a346.44219351 aRipert, Georgesd1880-195803aEl pensamiento y lo que está en movimiento. Ensayos y conferencias cpor Henri Bergsonyspa13aLa règle morale dans les obligations civilescpar Georges Ripert  aTroisième édition [Tercera edición] aParís (Francia)bLibrairie Générale de Droit & de Jurisprudence [Librería General de Derecho y Jurisprudencia]c1935 aviii, 447 páginasc21 x 14 cm. aDetalles físicos: Encuadernación rígida (holandesa) en cartón duro forrado en papel jaspeado. Lomo de tela texturizada con adornos en dorado. Guardas. Hoja de cortesía. Anteportada. Portada impresa en una sola tinta. Texto impreso en una sola columna, con diferentes tipos y tamaños de letra. Márgenes amplios. Notas de pie de página. Índice. Tapas con bordes deteriorados 0 aPrefacio a la segunda edición ; Introducción ; La moral y el contrato ; Teoría de la autonomía de la voluntad ; La protección de los contratantes ; La lesión ; La justicia en el ejercicio de los derechos ; El ejercicio abusivo de los derechos ; La sanción legal de los deberes morales ; La transformación de los deberes morales en normas jurídicas ; El deber de no perjudicar a otros y la responsabilidad civil ; El deber de no enriquecerse a costa de otros y el enriquecimiento ilícito ; El deber de asistencia ; Represión del fraude y pena civil ; La culpabilidad civil y las penas civiles ; Las obligaciones naturales y el ámbito de la conciencia  aConsulta en sala aTexto en francés 7aTeoría del derecho  7aDerecho y ética